000 00615nam a2200241Ia 4500
003 OSt
005 20221006145531.0
006 a|||||r|||| 00| 0
007 ta
008 221006b |||||||| |||| 00| 0 eng d
020 _c
_5.00
024 _a15,190
037 _cTextual
040 _aEASL
_cEASL
_beng
041 _2eng
_aeng
082 _aP41,D, F6
100 _aKARLGREN Bernhard
_9107835
245 0 _aPhilology and ancient China
260 _aLondon
_bH. Aschehoug
_c1926
300 _a167p.
_ccm.
942 _hP41,D, F6
_cTEXL
_2CC
999 _c1083276
_d1083276